000 00719nam a2200217Ia 4500
003 GCL
008 140319s9999 xx 000 0 ara d
040 _aGCL /
_cGCL
082 0 4 _a935.01
_bن م
100 1 _aنبيلة محمد عبدالحليم
245 1 0 _aمعالم العصر التاريخى فى العراق القديم /
_cنبيلة محمد عبدالحليم
300 _a299 ص
490 _aالهيئة العامة للاستعلامات
_v0
650 0 4 _aالاشوريون
650 0 4 _aالعراق - تاريخ
650 0 4 _aالعراق - حضارة
650 0 4 _aبابل, العراق
650 0 4 _aالفن - العراق
650 0 4 _aالفن الاشورى
942 _2ddc
_cBK
999 _c49466
_d49466